000 00495nam a2200205Ia 4500
003 OSt
005 20230531093440.0
008 210423s2011 xx 000 0 und d
020 _a978-93-7473-482-7
040 _cAL
041 _aeng
082 _a158.7 KAII
100 _aKAILA (H L)
_9117463
245 _aIndustrial psychology
260 _aNew Delhi
_bAITBS Publishers
_c2011
300 _aix,330
_bPB
365 _b295
_cINR
906 _aIndustrial ; psychology
942 _2ddc
_cBK
999 _c176320
_d176320